000 01085cam a2200241 4500
001 WB@3612-184
008 041216n2004 000 0 eng u
035 _a(Sirsi) u128340
245 _aCommercial and industrial floorspace statistics
260 _c2004
490 _aODPM Statistical Release
_v(2004/0307) 10 December 2004 (2)
520 _a"Commercial and industrial floorspace and rateable value statistics 2004 (provisional)" has been published. It reveals that there were 591m sq m of floorspace in England and Wales in 2004, of which approximately 19% were in retail premises, 17% in offices, 39% in factories and 26% in warehouses. Full details of the statistics are available from the website. http://www.odpm.gov.uk/pns/displaypn.cgi?pn_id=200 4_0307
590 _aWB
590 _aWB
650 _aINDUSTRIAL FLOORSPACE
650 _aRATEABLE VALUES
650 _aENGLAND
650 _aWALES
650 _aSTATISTICS
650 _aCOMMERCIAL AND INDUSTRIAL FLOORSPACE AND RATEABLE VALUE STATISTICS
690 _aCOMMERCIAL PROPERTY-MARKET
942 _n0
999 _c118460
_d118460